Sarah Bishop / (Record no. 2424)

MARC details
000 -LEADER
fixed length control field 01121cam a2200301 i 4500
001 - CONTROL NUMBER
control field 2424
003 - CONTROL NUMBER IDENTIFIER
control field FISKH
005 - DATE AND TIME OF LATEST TRANSACTION
control field 20250508142840.0
008 - FIXED-LENGTH DATA ELEMENTS--GENERAL INFORMATION
fixed length control field 231205b cb ||||| |||| 00| 0 eng d
010 ## - LIBRARY OF CONGRESS CONTROL NUMBER
LC control number 79028394
020 ## - INTERNATIONAL STANDARD BOOK NUMBER
International Standard Book Number 0395291852
020 ## - INTERNATIONAL STANDARD BOOK NUMBER
International Standard Book Number 9780590446518
040 ## - CATALOGING SOURCE
Original cataloging agency DLC
Language of cataloging eng
Description conventions rda
Transcribing agency DLC
Modifying agency DLC
050 00 - LIBRARY OF CONGRESS CALL NUMBER
Classification number PZ7.O237
082 00 - DEWEY DECIMAL CLASSIFICATION NUMBER
Classification number [Fic]
100 1# - MAIN ENTRY--PERSONAL NAME
Personal name O'Dell, Scott,
Dates associated with a name 1898-1989,
245 10 - TITLE STATEMENT
Title Sarah Bishop /
Statement of responsibility, etc. Scott O'Dell.
260 ## - PUBLICATION, DISTRIBUTION, ETC.
Place of publication, distribution, etc. New York :
Name of publisher, distributor, etc. Scholastic,
Date of publication, distribution, etc. 1980.
300 ## - PHYSICAL DESCRIPTION
Extent 230 pages :
Dimensions 18 cm
520 ## - SUMMARY, ETC.
Summary, etc. Left alone after the deaths of her father and brother who take opposite sides in the War for Independence, and fleeing from the British who seek to arrest her, Sarah Bishop struggles to shape a new life for herself in the wilderness.
521 8# - TARGET AUDIENCE NOTE
Target audience note 760 <br/>
Source Lexile <br/>
650 #1 - SUBJECT ADDED ENTRY--TOPICAL TERM
Topical term or geographic name entry element American loyalists
Form subdivision Fiction.
650 #1 - SUBJECT ADDED ENTRY--TOPICAL TERM
Topical term or geographic name entry element Survival
Form subdivision Fiction.
651 #1 - SUBJECT ADDED ENTRY--GEOGRAPHIC NAME
Geographic name United States
General subdivision History
Chronological subdivision Revolution, 1775-1783
Form subdivision Fiction.
655 #7 - INDEX TERM--GENRE/FORM
Genre/form data or focus term Dust jackets (Binding)
Geographic subdivision Massachusetts
-- Boston
Chronological subdivision 20th century.
Source of term rbbin
906 ## - LOCAL DATA ELEMENT F, LDF (RLIN)
a 7
b cbc
c orignew
d 1
e ocip
f 19
g y-gencatlg
942 ## - ADDED ENTRY ELEMENTS (KOHA)
Source of classification or shelving scheme Dewey Decimal Classification
Koha item type Books
Suppress in OPAC No
Holdings
Withdrawn status Lost status Source of classification or shelving scheme Damaged status Not for loan Collection Home library Current library Shelving location Date acquired Total Checkouts Full call number Barcode Date last seen Price effective from Koha item type Copy number
    Dewey Decimal Classification     Juvenile Fiction Footprints International School Library Network Toul Kork Campus Footprints International School Library Network Toul Kork Campus TK Primary Library Room(4th Floor), Bookcase 5&6, Shelves 33-56, Orange Books 12/05/2023   O'DE Fic PZ7.O237 FISSE01256 12/05/2023 12/05/2023 Books  
    Dewey Decimal Classification     Juvenile Fiction Footprints International School Library Network Toul Tom Poung Campus Footprints International School Library Network Toul Tom Poung Campus TTP Primary Orange Bookshelves 05/08/2025   O'DE Fic PZ7.O237 2025-1222 05/08/2025 05/08/2025 Books 2